000 00269nam a22001217a 4500
008 170328b xxu||||| |||| 00| 0 eng d
041 _aeng
080 _23ED
_a796.3
100 _a8
101 _aSHM
245 _aSPORTS MEDICINE SECRETS
_cMELLION.M.B
942 _2udc
_cBK
999 _c8882
_d8882